| 000 | 01439nam2a22003251 4500 | ||
|---|---|---|---|
| 001 | rc\4319527 | ||
| 005 | 20251202135634.0 | ||
| 021 |
_aRU _b[64-68301] |
||
| 035 | _a(NLR Aleph) 008511525 | ||
| 090 |
_a8171881 _c8171881 |
||
| 100 | _a20130416d1964 |||y0rusy50 ca | ||
| 101 | 0 | _arus | |
| 102 | _aRU | ||
| 105 | _aag z ||||| | ||
| 200 | 0 |
_aВып. 3 _f[Дополнил Р.Н. Берберов] |
|
| 210 |
_cМузыка _d1964 |
||
| 215 |
_a148 с. _cил., нот. ил. _d26 |
||
| 300 | _aПеред загл. авт.: вып. 1 - В.Н. Владимиров и С.Б. Оксер; вып. 3 - С. Оксер | ||
| 320 | _aВажнейшие произведения И.С. Баха: с. 60-61 | ||
| 320 | _aВажнейшие произведения Людвига ван Бетховена: с. 146-147 | ||
| 461 | 0 |
_1001rc\4319525 _12001#$aМузыкальная литература$e[Учеб. пособие для дет. муз. школ]$vВып. 3 _1700#1$aВладимиров$bВ.Н.$f1892-$gВладимир Николаевич |
|
| 700 | 1 |
_aВладимиров _bВ. Н. _cмузыковед _f1892- _gВладимир Николаевич _3RU\NLR\AUTH\7748736 |
|
| 701 | 1 |
_aОксер _bС. Б. _gСамуил Борисович |
|
| 702 | 1 |
_aБерберов _bР. Н. _4570 |
|
| 801 | 0 |
_aRU _bNLR _gpsbo |
|
| 801 | 1 |
_aRU _bELAR _2rusmarc |
|
| 852 |
_aNLR _j63-7/3104 |
||
| 942 | _cBOOK | ||
| 980 | _aNB | ||